00450pab a2200145 454500008004000000100001700040245008800057260000900145300001300154650004500167650003200212650003000244650001100274773001900285180718b2003 xxu||||| |||| 00| 0 eng d aMeaklim, Tim aA model of costs and benefits of training in the police service of Northern Ireland c2003 ap.30-44. aCost benefit analysis - Northern Ireland aTraining - Northern Ireland aPolice - Northern Ireland aPolice aPolice Journal